Computational fluid dynamics (Record no. 2125)

000 -LEADER
fixed length control field 00621nam a2200217 a 4500
001 - CONTROL NUMBER
control field 2125
003 - CONTROL NUMBER IDENTIFIER
control field BD-DhUET
008 - FIXED-LENGTH DATA ELEMENTS--GENERAL INFORMATION
fixed length control field 940517s1995 nyua b 001 0 eng
020 ## - INTERNATIONAL STANDARD BOOK NUMBER
International Standard Book Number 0071132104
040 ## - CATALOGING SOURCE
Original cataloging agency DLC
Transcribing agency DLC
Modifying agency BD-DhUET
082 00 - DEWEY DECIMAL CLASSIFICATION NUMBER
Classification number 532.050285
Item number AND/1995
100 ## - MAIN ENTRY--PERSONAL NAME
Personal name Anderson, John D.
245 10 - TITLE STATEMENT
Title Computational fluid dynamics
Remainder of title the basics with applications
250 ## - EDITION STATEMENT
Edition statement 1st ed.
260 ## - PUBLICATION, DISTRIBUTION, ETC. (IMPRINT)
Place of publication, distribution, etc. New York
Name of publisher, distributor, etc. McGraw-Hill
Date of publication, distribution, etc. 1995
300 ## - PHYSICAL DESCRIPTION
Extent xxiv, 547 p.
490 1# - SERIES STATEMENT
Series statement McGraw-Hill series in mechanical engineering
504 ## - BIBLIOGRAPHY, ETC. NOTE
Bibliography, etc Includes bibliographies
650 #0 - SUBJECT ADDED ENTRY--TOPICAL TERM
Topical term or geographic name as entry element Fluid dynamics-Data processing
942 ## - ADDED ENTRY ELEMENTS (KOHA)
Koha item type General Book
Holdings
Shelving location Koha item type Koha out on loan Withdrawn status Koha date last seen Source of classification or shelving scheme Lost status Not for loan Koha normalized classification for sorting Damaged status Price effective from Piece designation (barcode) Koha full call number Date acquired Koha date last borrowed Sublocation or collection (holding branch) Koha issues (times borrowed) Location (home branch) Copy number
Circulation sectionGeneral Book2019-02-28 2018-02-28   532_000000000000000_050285AND1 2014-09-20103357532.050285/AND/19952014-09-202018-02-28Central Library, BUET1Central Library, BUET1
Circulation sectionGeneral Book  2023-08-26   532_000000000000000_050285AND1 2014-09-20103359532.050285/AND/19952014-09-202023-08-12Central Library, BUET3Central Library, BUET2
Circulation sectionGeneral Book  2015-07-29   532_050285000000000_AND_1995 2015-02-04103361532.050285/AND/19952015-02-042015-03-23Central Library, BUET6Central Library, BUET3
Reading sectionReading Item  2015-06-08   532_050285000000000_AND_1995 2015-06-0895199532.050285/AND/19952015-06-08 Central Library, BUET Central Library, BUET4
Circulation sectionGeneral Book2020-06-15 2019-06-16   532_050285000000000_AND_1995 2016-09-25114592532.050285/AND/19952016-09-252019-06-16Central Library, BUET1Central Library, BUET5
Circulation sectionGeneral Book  2016-09-25   532_050285000000000_AND_1995 2016-09-25114593532.050285/AND/19952016-09-25 Central Library, BUET Central Library, BUET2
Circulation sectionGeneral Book  2017-10-31   532_050285000000000_AND_1995 2017-10-31103360532.050285/AND/19952007-05-07 Central Library, BUET Central Library, BUET6